Меловой окраинно-континентальный магматизм Северо-Востока Азии и вопросы генезиса крупнейших фанерозойских провинций кремнекислого вулканизма: монография

Bibliografske podrobnosti
Glavni avtor: Тихомиров П. Л. Пётр Леонидович
Korporativna značnica: Московский государственный университет им. М. В. Ломоносова Геологический факультет
Izvleček:В монографии рассмотрены вопросы геологии, геохронологии и петрологии мелового магматизма Северо-Востока Азии. Особое внимание уделено Охотско-Чукотскому вулканическому поясу - одной из крупнейших окраинно-континентальных магматических провинций Земли. В главе 6 приведен глобальный обзор крупных фанерозойских областей кремнекислого вулканизма, и обсуждаются некоторые аспекты их генезиса. Для геологов и студентов геологических ВУЗов, интересующихся вопросами региональной геологии Северо-Востока Азии и общими вопросами эволюции субдукционных тектономагматических систем.
Jezik:ruščina
Izdano: Москва, ГЕОС, 2020
Teme:
Format: MixedMaterials Knjiga
KOHA link:https://koha.lib.tpu.ru/cgi-bin/koha/opac-detail.pl?biblionumber=346667

MARC

LEADER 00000nam0a2200000 4500
001 346667
005 20231102005918.0
010 |a 9785891188167 
035 |a (RuTPU)RU\TPU\book\378550 
090 |a 346667 
100 |a 20211029d2020 k y0rusy50 ca 
101 0 |a rus 
102 |a RU 
105 |a a z 001zy 
200 1 |a Меловой окраинно-континентальный магматизм Северо-Востока Азии и вопросы генезиса крупнейших фанерозойских провинций кремнекислого вулканизма  |e монография  |f П. Л. Тихомиров  |g Московский государственный университет им. М. В. Ломоносова, Геологический факультет 
210 |a Москва  |c ГЕОС  |d 2020 
215 |a 376 с.  |c ил. 
320 |a Библиогр.: с. 325-356 
330 |a В монографии рассмотрены вопросы геологии, геохронологии и петрологии мелового магматизма Северо-Востока Азии. Особое внимание уделено Охотско-Чукотскому вулканическому поясу - одной из крупнейших окраинно-континентальных магматических провинций Земли. В главе 6 приведен глобальный обзор крупных фанерозойских областей кремнекислого вулканизма, и обсуждаются некоторые аспекты их генезиса. Для геологов и студентов геологических ВУЗов, интересующихся вопросами региональной геологии Северо-Востока Азии и общими вопросами эволюции субдукционных тектономагматических систем. 
606 1 |a Магматизм  |2 stltpush  |3 (RuTPU)RU\TPU\subj\40702  |9 60544 
606 1 |a Меловые отложения  |2 stltpush  |3 (RuTPU)RU\TPU\subj\42061  |9 61820 
610 1 |a Северо-Восточная Азия 
610 1 |a фанерозойские отложения 
610 1 |a кремнекислый вулканизм 
610 1 |a Охотско-Чукотский вулканический пояс 
610 1 |a меловой магматизм 
610 1 |a геохронология 
610 1 |a вулканиты 
610 1 |a петрология 
610 1 |a вулканогенные породы 
610 1 |a кремнекислый вулканизм 
675 |a 552.11  |v 4 
675 |a 551.763  |v 4 
700 1 |a Тихомиров  |b П. Л.  |g Пётр Леонидович 
712 0 2 |a Московский государственный университет им. М. В. Ломоносова  |b Геологический факультет  |c (1940- )  |2 stltpush  |3 (RuTPU)RU\TPU\col\7 
801 1 |a RU  |b 63413507  |c 20211029 
801 2 |a RU  |b 63413507  |c 20220202  |g RCR 
942 |c BK